| 000 | 00622nam a22002297a 4500 | ||
|---|---|---|---|
| 003 | UA-OsUOA | ||
| 001 | 94908 | ||
| 007 | ta | ||
| 008 | 20130219b un ||||| |||| 00| 0 ukr d | ||
| 100 | _aСахиб Джамал | ||
| 090 |
_a821.411.22 _bС22 |
||
| 942 | _cBK | ||
| 040 |
_aUA-OsUOA _brus _cUA-OsUOA _dUA-OsUOA |
||
| 245 |
_aДочь палестинца _bроман |
||
| 300 | _a496 с. | ||
| 955 | _a3 | ||
| 041 | _arus | ||
| 080 | _a821.411.22 | ||
| 260 |
_aМ. _bСоветский писатель _c1987 |
||
| 650 | 7 |
_a82 Література. Літературознавство _2UDC |
|
| 999 |
_c381126 _d381126 |
||